000 00562nam a2200169 4500
001 111920
003 ES-MaACL
005 20230906185403.0
007 t|
008 061121s1962 sp r ||||1| spa d
100 1 _aOrnat, María Gloria.
_987303
245 1 4 _aLos amantes de Teruel /
_cNovelización de María Gloria Ornat sobre la obra escrita en verso en el siglo XVII por Juan Yagüe de Salas.
260 _aBarcelona :
_bMateu,
_c1962.
300 _a287 p. ;
_c18 cm.
700 1 _aYagüe de Salas, Juan.
_9117536
852 _aES-MaACL
_jC-22625
_bR.51211
999 _c111920
_d111920